Sports Movie Match-Ups Quiz Stats

Quiz not verified by Sporcle

Challenge
Share
Tweet
Embed
Score 0/22 Timer 05:00
0 Plays Today
% Correct
Field of Dreams
96.8%
A League of Their Own
96.2%
Raging Bull
93%
The Hurricane
91.1%
Bend It Like Beckham
90.4%
Creed
88.5%
Coach Carter
87.9%
The Bad News Bears
87.9%
Major League
86%
Tin Cup
86%
Any Given Sunday
85.4%
% Correct
The Color of Money
85.4%
Million Dollar Arm
84.7%
Bull Durham
84.1%
Remember the Titans
83.4%
We Are Marshall
80.9%
Cinderella Man
80.3%
The Big Blue
80.3%
Whip It
79.6%
Hoosiers
78.3%
Trouble with the Curve
77.7%
Gregory's Girl
65.6%

You're not logged in!

Compare scores with friends on all Sporcle quizzes.
Sign Up with Email
OR
Log In

You Might Also Like...

Show Comments

Extras

Top Quizzes Today


Score Distribution

Your Account Isn't Verified!

In order to create a playlist on Sporcle, you need to verify the email address you used during registration. Go to your Sporcle Settings to finish the process.